[Event "Kandidatklassen DM 2020"]
[Site "Svendborg"]
[Date "2020.10.17"]
[Round "6.4"]
[White "Georgescu, Lena"]
[Black "Rey Malde, Henrique"]
[Result "1/2-1/2"]
[WhiteElo "2276"]
[BlackElo "2201"]
[PlyCount "62"]
[EventDate "2020.10.12"]
[EventType "swiss"]
[EventRounds "7"]
[EventCountry "DEN"]

1. e4 c5 2. Nf3 Nc6 3. Nc3 e5 4. Bc4 d6 5. d3 Be7 6. O-O Nf6 7. Ng5 O-O 8. f4
Bg4 9. Qe1 exf4 10. Bxf4 Nd4 11. h3 Bh5 12. Qd2 Qd7 13. g4 h6 14. gxh5 hxg5 15.
Bxg5 Qxh3 16. Qg2 Qxg2+ 17. Kxg2 Nxc2 18. Rac1 Nd4 19. h6 Rae8 20. Rh1 Ng4 21.
Bxe7 Rxe7 22. hxg7 Kxg7 23. Rcg1 Rh8 24. Rh3 Re5 25. Kg3 Rg5 26. Rxh8 Ne5+ 27.
Kf2 Rxg1 28. Rb8 Rc1 29. Rxb7 Rc2+ 30. Kg3 a5 31. a4 Kf6 1/2-1/2

[Event "Kandidatklassen DM 2020"]
[Site "Svendborg"]
[Date "2020.10.17"]
[Round "6.7"]
[White "Matthiesen, Martin"]
[Black "Rossen, Claus"]
[Result "1-0"]
[WhiteElo "2301"]
[BlackElo "2099"]
[PlyCount "85"]
[EventDate "2020.10.12"]
[EventType "swiss"]
[EventRounds "7"]
[EventCountry "DEN"]

1. e4 c5 2. Nf3 Nc6 3. d4 cxd4 4. Nxd4 e5 5. Nb5 a6 6. Nd6+ Bxd6 7. Qxd6 Qf6 8.
Qd1 Qg6 9. Nc3 Nge7 10. h4 h5 11. Bg5 d5 12. exd5 Nb4 13. Bxe7 Kxe7 14. Bd3
Nxd3+ 15. Qxd3 Qxd3 16. cxd3 b5 17. O-O b4 18. Na4 Rb8 19. f4 exf4 20. Rxf4 f5
21. Rc1 Kd6 22. Rc6+ Ke5 23. Rfc4 Bd7 24. Rxa6 Bb5 25. Ra5 Bxc4 26. dxc4 Ra8
27. Rxa8 Rxa8 28. b3 Kd6 29. Kf2 Re8 30. Nb2 Ra8 31. Na4 Re8 32. g3 Re4 33. Nb2
Rd4 34. Ke3 Rg4 35. Kf3 f4 36. gxf4 Rxh4 37. Nd3 Rh3+ 38. Ke4 h4 39. c5+ Ke7
40. Ne5 Rc3 41. d6+ Ke8 42. c6 h3 43. c7 1-0

[Event "Kandidatklassen DM 2020"]
[Site "Svendborg"]
[Date "2020.10.17"]
[Round "6.9"]
[White "Hansen, Lars"]
[Black "Meskenas, Paulius"]
[Result "0-1"]
[WhiteElo "2217"]
[BlackElo "2032"]
[PlyCount "42"]
[EventDate "2020.10.12"]
[EventType "swiss"]
[EventRounds "7"]
[EventCountry "DEN"]

1. d4 Nf6 2. Bg5 d5 3. e3 Nbd7 4. Nf3 h6 5. Bh4 c5 6. c3 e6 7. Nbd2 Be7 8. Bd3
O-O 9. O-O b6 10. Ne5 Nxe5 11. dxe5 Nd7 12. Bxe7 Qxe7 13. f4 f5 14. exf6 Nxf6
15. Nf3 Nd7 16. Bb1 Ba6 17. Re1 Rf6 18. Ne5 Nxe5 19. fxe5 Rff8 20. Qc2 Qg5 21.
a4 Qxe3+ 0-1

[Event "Kandidatklassen DM 2020"]
[Site "Svendborg"]
[Date "2020.10.18"]
[Round "7.1"]
[White "Rewitz, Poul"]
[Black "Thorsbro, Peter"]
[Result "1-0"]
[WhiteElo "2222"]
[BlackElo "2165"]
[PlyCount "75"]
[EventDate "2020.10.12"]
[EventType "swiss"]
[EventRounds "7"]
[EventCountry "DEN"]

1. f4 g6 2. c3 Nf6 3. Nf3 Bg7 4. g3 d5 5. Bg2 O-O 6. O-O c5 7. d3 Nc6 8. Na3
Re8 9. Nh4 d4 10. Bd2 Nd5 11. Rc1 dxc3 12. bxc3 Nxc3 13. Rxc3 Bxc3 14. Bxc3 Nd4
15. Nc2 Rb8 16. Nf3 Nxf3+ 17. Bxf3 b5 18. Qd2 f6 19. Ne3 Bb7 20. Bg4 Qd6 21. a4
h5 22. Bf3 Bxf3 23. Rxf3 a6 24. h4 Red8 25. f5 c4 26. fxg6 Qc5 27. Rf5 e5 28.
Rf2 b4 29. Nf5 bxc3 30. Qh6 Rb1+ 31. Kg2 Rb7 32. g7 Qd5+ 33. e4 Qxd3 34. Qg6
Qxe4+ 35. Kh2 Qxf5 36. Qxf5 Rxg7 37. Qe6+ Kh8 38. Rxf6 1-0

[Event "Kandidatklassen DM 2020"]
[Site "Svendborg"]
[Date "2020.10.18"]
[Round "7.2"]
[White "Kistrup, Nicolai"]
[Black "Carstensen, Jacob"]
[Result "1/2-1/2"]
[WhiteElo "2128"]
[BlackElo "2350"]
[PlyCount "28"]
[EventDate "2020.10.12"]
[EventType "swiss"]
[EventRounds "7"]
[EventCountry "DEN"]

1. d4 Nf6 2. c4 e6 3. Nc3 Bb4 4. Qc2 O-O 5. e4 d5 6. e5 Ne4 7. Bd3 c5 8. Nf3
cxd4 9. Nxd4 Nd7 10. Bf4 Ndc5 11. O-O Bxc3 12. bxc3 Nxd3 13. Qxd3 Qc7 14. Rfe1
b6 1/2-1/2

[Event "Kandidatklassen DM 2020"]
[Site "Svendborg"]
[Date "2020.10.18"]
[Round "7.3"]
[White "Rey Malde, Henrique"]
[Black "Kakulidis, Ellen"]
[Result "1-0"]
[WhiteElo "2201"]
[BlackElo "2073"]
[PlyCount "97"]
[EventDate "2020.10.12"]
[EventType "swiss"]
[EventRounds "7"]
[EventCountry "DEN"]

1. e4 c5 2. Nf3 d6 3. d4 cxd4 4. Nxd4 Nf6 5. Nc3 a6 6. h3 e5 7. Nde2 h5 8. Bg5
Be6 9. Bxf6 Qxf6 10. Nd5 Qd8 11. Qd3 Nd7 12. Nec3 g6 13. O-O-O Rb8 14. Kb1 b5
15. g3 Nc5 16. Qf3 Bg7 17. Ne3 b4 18. Ncd5 a5 19. Bc4 a4 20. g4 b3 21. cxb3
axb3 22. a3 Rb7 23. Rhg1 hxg4 24. hxg4 Ra7 25. Rh1 Rxh1 26. Rxh1 Kf8 27. Qg2
Ra4 28. f3 Qg5 29. Qe2 Bh6 30. Rd1 Kg7 31. Nf1 Bxd5 32. exd5 Qf4 33. Nd2 f5 34.
gxf5 gxf5 35. Qg2+ Kf6 36. Qh3 Qg5 37. Qh2 Qf4 38. Qh5 Qg5 39. Qe8 Qg7 40. Qb8
Qe7 41. Bxb3 Rd4 42. Nc4 Nxb3 43. Qxb3 Rxd1+ 44. Qxd1 e4 45. Qd4+ Kf7 46. fxe4
Bg7 47. Qe3 Qc7 48. b3 Qd7 49. Qf4 1-0

[Event "Kandidatklassen DM 2020"]
[Site "Svendborg"]
[Date "2020.10.18"]
[Round "7.5"]
[White "Liu, Casper Yukun"]
[Black "Georgescu, Lena"]
[Result "0-1"]
[WhiteElo "2155"]
[BlackElo "2276"]
[PlyCount "54"]
[EventDate "2020.10.12"]
[EventType "swiss"]
[EventRounds "7"]
[EventCountry "DEN"]

1. d4 Nf6 2. Bf4 g6 3. Nc3 d5 4. Qd2 Bg7 5. O-O-O O-O 6. f3 c5 7. e3 c4 8. e4
a6 9. e5 Ne8 10. Bh6 b5 11. Nce2 b4 12. c3 bxc3 13. Nxc3 Nc6 14. g4 Rb8 15. h4
Be6 16. h5 Qa5 17. hxg6 fxg6 18. Bxg7 Nxg7 19. Qh6 Rxb2 20. Kxb2 Rb8+ 21. Kc2
Nb4+ 22. Kd2 Nxa2 23. Ke3 Nxc3 24. Rd2 Nb1 25. Qxh7+ Kf7 26. Rc2 Qe1+ 27. Be2
g5 0-1

[Event "Kandidatklassen DM 2020"]
[Site "Svendborg"]
[Date "2020.10.18"]
[Round "7.6"]
[White "Meskenas, Paulius"]
[Black "Matthiesen, Martin"]
[Result "0-1"]
[WhiteElo "2032"]
[BlackElo "2301"]
[PlyCount "80"]
[EventDate "2020.10.12"]
[EventType "swiss"]
[EventRounds "7"]
[EventCountry "DEN"]

1. e4 e6 2. d4 d5 3. exd5 exd5 4. c4 Nf6 5. Nc3 Be7 6. Nf3 O-O 7. Bd3 dxc4 8.
Bxc4 Bg4 9. Be3 Nc6 10. O-O Nb4 11. Rc1 Nbd5 12. Bg5 c6 13. a3 Be6 14. Nxd5
Nxd5 15. Bxe7 Qxe7 16. Re1 Rad8 17. Qb3 Nf4 18. g3 Bxc4 19. Qxc4 Ne6 20. Rcd1
Rd5 21. Re4 Rfd8 22. Rde1 h6 23. h4 Qf6 24. Qb3 g6 25. Kg2 Kg7 26. Qxb7 R8d7
27. Qb8 Rb5 28. Qe8 Rd8 29. Rxe6 Rxe8 30. Rxf6 Rxe1 31. Nxe1 Kxf6 32. b4 Ke6
33. Nd3 Kd5 34. Ne5 Rb7 35. Kf3 Kxd4 36. Nxc6+ Kc3 37. a4 Rc7 38. b5 Kb3 39. a5
Ka4 40. b6 axb6 0-1

[Event "Kandidatklassen DM 2020"]
[Site "Svendborg"]
[Date "2020.10.18"]
[Round "7.8"]
[White "Easwaralingam, Adesh"]
[Black "Guindy, Esmat Susanne"]
[Result "1-0"]
[WhiteElo "2110"]
[BlackElo "2131"]
[PlyCount "75"]
[EventDate "2020.10.12"]
[EventType "swiss"]
[EventRounds "7"]
[EventCountry "DEN"]

1. e4 e6 2. d4 d5 3. Nd2 Nf6 4. e5 Nfd7 5. Bd3 c5 6. c3 Nc6 7. Ne2 cxd4 8. cxd4
f6 9. Nf4 Nxd4 10. Qh5+ Ke7 11. exf6+ Nxf6 12. Ng6+ hxg6 13. Qxh8 Kf7 14. Qh4
Nf5 15. Bxf5 gxf5 16. Nf3 Qd6 17. O-O e5 18. Re1 Ne4 19. Qh5+ g6 20. Qh7+ Ke8
21. Nh4 g5 22. Qh5+ Kd8 23. Bxg5+ Kc7 24. Rac1+ Kb6 25. Nxf5 Bxf5 26. Be3+ d4
27. Qxf5 dxe3 28. Qxe4 exf2+ 29. Kxf2 Bh6 30. Rc3 Rf8+ 31. Rf3 Qc5+ 32. Kf1 Bf4
33. g3 Bd2 34. Re2 Bg5 35. Qg6+ Ka5 36. Rxf8 Qxf8+ 37. Kg2 Bf6 38. Rf2 1-0

[Event "Kandidatklassen DM 2020"]
[Site "Svendborg"]
[Date "2020.10.18"]
[Round "7.9"]
[White "Steffensen, Elena"]
[Black "Jaksland, Tim"]
[Result "1/2-1/2"]
[WhiteElo "2081"]
[BlackElo "2247"]
[PlyCount "30"]
[EventDate "2020.10.12"]
[EventType "swiss"]
[EventRounds "7"]
[EventCountry "DEN"]

1. e4 c5 2. Nc3 Nc6 3. f4 g6 4. Nf3 Bg7 5. d3 d6 6. Be2 Bg4 7. O-O e6 8. h3
Bxf3 9. Bxf3 Nge7 10. Be3 Nd4 11. Ne2 Nxf3+ 12. Rxf3 O-O 13. c3 Qd7 14. d4 cxd4
15. Bxd4 Rfd8 1/2-1/2

[Event "Kandidatklassen DM 2020"]
[Site "Svendborg"]
[Date "2020.10.18"]
[Round "7.10"]
[White "Rossen, Claus"]
[Black "Pedersen, Jan Nordenbaek"]
[Result "1/2-1/2"]
[WhiteElo "2099"]
[BlackElo "2238"]
[PlyCount "26"]
[EventDate "2020.10.12"]
[EventType "swiss"]
[EventRounds "7"]
[EventCountry "DEN"]

1. e4 c5 2. Nf3 d6 3. d4 Nf6 4. Nc3 cxd4 5. Nxd4 g6 6. Be3 Bg7 7. f3 O-O 8. Qd2
Nc6 9. O-O-O d5 10. Kb1 Nxd4 11. Bxd4 dxe4 12. Bxf6 Qxd2 13. Rxd2 Bxf6 1/2-1/2

[Event "Kandidatklassen DM 2020"]
[Site "Svendborg"]
[Date "2020.10.18"]
[Round "7.11"]
[White "Hansen, Lars"]
[Black "Falkesgaard, Jeppe Hald"]
[Result "1-0"]
[WhiteElo "2217"]
[BlackElo "1984"]
[PlyCount "87"]
[EventDate "2020.10.12"]
[EventType "swiss"]
[EventRounds "7"]
[EventCountry "DEN"]

1. d4 Nf6 2. Bg5 c5 3. d5 Ne4 4. Bf4 Qb6 5. Bc1 d6 6. f3 Nf6 7. e4 e6 8. Na3
exd5 9. exd5 Be7 10. Ne2 O-O 11. Ng3 Nbd7 12. Nc4 Qc7 13. a4 Nb6 14. Ne3 Re8
15. Be2 Nbd7 16. c4 a6 17. O-O Rb8 18. a5 h5 19. f4 g6 20. Bd3 Bf8 21. f5 h4
22. fxg6 hxg3 23. gxf7+ Kxf7 24. Qh5+ Ke7 25. Nf5+ Kd8 26. Bg5 gxh2+ 27. Kh1 b6
28. Qf7 bxa5 29. Rae1 Ne5 30. Bxf6+ Be7 31. Rxe5 dxe5 32. Nxe7 Bd7 33. Nc6+ Kc8
34. Nxb8 Kxb8 35. Bf5 Ba4 36. Qxc7+ Kxc7 37. Kxh2 e4 38. Bg5 Bb3 39. Bf4+ Kb7
40. Re1 Rf8 41. g4 Bxc4 42. d6 Kc6 43. Bxe4+ Kb5 44. Bf5 1-0